000 00552nam a2200217Ia 4500
003 OSt
005 20220926042248.0
006 a|||||r|||| 00| 0
007 ta
008 220923b |||||||| |||| 00| 0 eng d
037 _cGeneral Book
040 _aRTL
_cRTL
_beng
041 _2eng
_aeng
082 _aU.1, H3
100 _aVan Loon Hendrik Willem
_947126
245 0 _aHome of mankind
260 _c1943
650 _aWorld Geography
_9205937
942 _hU.1, H3
_cGB
_2CC
999 _c669281
_d669281